000 00970 a2200289 4500
003 BJBSDDR
005 20250408110356.0
007 ta
008 260623s2023 sp 00| 0 spa d
020 _a9788423435579
020 _a8423435571
040 _bspa
_cBJBSDDR
041 _aspa
050 1 4 _aJC 574.2
_bR163l 2023
100 1 _aRallo Julián, Juan Ramón,
_d1984-
_930643
245 1 0 _aLiberalismo :
_blos 10 principios básicos del orden político liberal /
_cJuan Ramón Rallo.
260 _aBarcelona :
_bDeusto,
_c2023.
300 _a271 páginas ;
_c19 cm.
440 0 _aColección booket ;
_95355
490 1 _aCiencias humanas y sociales
500 _aEn la portada: Deusto
505 0 _aIntroducción -- I. Los diez principios del liberalismo -- II. Los principios resumidos, contrastados y aplicados. -- Epílogo.
650 4 _aLiberalismo
_92537
830 0 _aCiencias humanas y sociales
_941585
942 _2lcc
_cBK
946 _idpf
999 _c119760
_d119760